000 00326nam a2200133Ia 4500
003 OSt
005 20240315150314.0
008 170523s9999 xx 000 0 und d
020 _a978-0070655737
040 _cIIMT UNIVERSITY
100 _aAndrews- Sudhir
245 0 _aTEXTBOOK Food and Beverage Management
942 _2ddc
_c02
999 _c11501
_d11501